期刊信息 |
| 索取号 |
G21/USN
|
| 题名 |
U.S.News&World Report
|
| 作者 |
|
| 分册号 |
|
| 分册名 |
|
| 出版地 |
|
| 出版者 |
U.S.NEWS &WORLD REPORT INC.
|
| 标准刊号 |
0041-5537
|
| 出版频率 |
周刊
|
| 中图法分类 |
G21
|
| 主题词 |
新闻学; 新闻工作
|
| 电子资源 | |
| |
|
| 000 | 00525nas0 2200205 45 | |
| 001 | 0761703123 | |
| 005 | 20070416154811.01 | |
| 011 | @a0041-5537@d$39.75(1992)PER YEAR | |
| 100 | @a20070415d km y0chiy0120 ea | |
| 101 | 0 | @aeng |
| 200 | 1 | @aU.S.News&World Report |
| 207 | @aU.S.News&World Report is published weekly. | |
| 210 | @cU.S.NEWS &WORLD REPORT INC. | |
| 215 | @a68页@d26cm | |
| 326 | @a周刊 | |
| 606 | 0 | @a新闻学 |
| 606 | 0 | @a新闻工作 |
| 690 | @aG21@v4 | |
| 801 | 0 | @aCN@bPFT@c20070416 |
| 905 | @aTJWY@dG21@eUSN | |
| U.S.News&World Report.-U.S.News&World Report is published weekly.-U.S.NEWS &WORLD REPORT INC. |
| 68页;26cm |
| ISSN 0041-5537:$39.75(1992)PER YEAR |
| ● |
| 相关链接: |
|
|
|
|